Roget`s Thesaurus / Random House

Gorde:
Xehetasun bibliografikoak
Formatua: Liburua
Hizkuntza:Undetermined
Argitaratua: New York, Estados Unidos Random House 1998
Edizioa:3
Gaiak:
Etiketak: Etiketa erantsi
Etiketarik gabe, Izan zaitez lehena erregistro honi etiketa jartzen!

MARC

LEADER 00000nam a2200000Ia 4500
008 170316s9999 xx 000 0 und d
245 |a Roget`s Thesaurus / Random House 
250 |a 3 
260 |a New York, Estados Unidos 
260 |b Random House 
260 |c 1998 
300 |a 718 páginas 
650 |a REFERENCIA 
650 |a DICCIONARIO EN INGLÉS 
650 |a THESAURUS 
650 |a SINÓNIMOS Y ANTÓNIMOS EN INGLÉS 
999 |c 30316  |d 30316 
040 |a cru BVZT 
942 |c 15 D  |2 z